Normal view
MARC view
- Seshadri D V R
Entry Personal Name
001 - CONTROL NUMBER
- control field: 96626
003 - CONTROL NUMBER IDENTIFIER
- control field: OSt
005 - DATE AND TIME OF LATEST TRANSACTION
- control field: 20221007214143.0
008 - FIXED-LENGTH DATA ELEMENTS
- fixed length control field: 221007|| aca||aabn | a|a d
040 ## - CATALOGING SOURCE
- Original cataloging agency: OSt
- Transcribing agency: OSt
100 ## - HEADING--PERSONAL NAME
- Personal name: Seshadri D V R
670 ## - SOURCE DATA FOUND
- Source citation: Work cat.: (OSt)61048: Maital S & Seshadri D V R 96625, Innovation Management, 2008